| 000 | 00328nam a22001457a 4500 | ||
|---|---|---|---|
| 020 | _qPB. | ||
| 040 | _cFIZZA ISHAQ | ||
| 082 |
_a005.74 _bTOM |
||
| 100 |
_aWHITE, TOM. _988351 |
||
| 245 |
_aHADEEP DEFINITIVE GUIDE / _cTOM WHITE. |
||
| 250 | _a4th ED. | ||
| 260 |
_bO'REILLY, _c2015. |
||
| 300 | _a727 P. ; | ||
| 942 |
_2ddc _cBK |
||
| 999 |
_c587588 _d587588 |
||